Loading...
| Current Events | 1 | 20.00 | 100% | 100% | 0% |
| Fine Arts - Classical Music | 9 | 16.67 | 89% | 56% | 22% |
| Fine Arts - Other Fine Arts | 3 | 10.00 | 100% | 0% | 0% |
| Geography | 1 | 10.00 | 100% | 0% | 0% |
| History - American History | 5 | 24.00 | 100% | 80% | 60% |
| History - European History | 6 | 15.00 | 100% | 33% | 17% |
| History - Other History | 7 | 18.57 | 100% | 86% | 0% |
| History - World History | 3 | 26.67 | 100% | 100% | 67% |
| Literature - American Literature | 5 | 12.00 | 60% | 40% | 20% |
| Literature - British Literature | 6 | 10.00 | 50% | 50% | 0% |
| Literature - European Literature | 3 | 13.33 | 100% | 0% | 33% |
| Literature - World Literature | 6 | 11.67 | 83% | 17% | 17% |
| Mythology | 1 | 10.00 | 100% | 0% | 0% |
| Painting/Sculpture | 1 | 10.00 | 100% | 0% | 0% |
| Philosophy | 3 | 13.33 | 100% | 33% | 0% |
| Pop Culture | 3 | 16.67 | 100% | 67% | 0% |
| Religion | 2 | 15.00 | 100% | 50% | 0% |
| Science - Biology | 4 | 10.00 | 100% | 0% | 0% |
| Science - Chemistry | 6 | 16.67 | 100% | 50% | 17% |
| Science - Other Science | 6 | 16.67 | 83% | 67% | 17% |
| Science - Physics | 4 | 15.00 | 100% | 25% | 25% |
| Social Science | 5 | 14.00 | 100% | 40% | 0% |